[Event "Corus C"]
[Site "Wijk aan Zee NED"]
[Date "2005.01.29"]
[Round "12"]
[White "Spoelman,W"]
[Black "Mamedjarova,Z"]
[Result "1-0"]
[WhiteElo "2381"]
[BlackElo "2349"]
[EventDate "2005.01.15"]

1. e4 c5 2. Nf3 Nc6 3. d4 cxd4 4. Nxd4 Nf6 5. Nc3 e5 6. Ndb5 d6 7. Bg5 a6
8. Na3 b5 9. Bxf6 gxf6 10. Nd5 f5 11. Bxb5 axb5 12. Nxb5 Ra4 13. Nbc7+ Kd7
14. O-O Qxc7 15. Nxc7 Kxc7 16. c4 Ra7 17. Qh5 fxe4 18. Qxf7+ Kb8 19. Qf6
Rg8 20. Rfe1 Rag7 21. g3 Nd4 22. Re3 Be7 23. Qh6 Bb7 24. Rd1 Nf5 25. Qe6
Nxe3 26. fxe3 Rc8 27. b4 Bf8 28. Rf1 Rg6 29. Rf6 Bh6 30. Qxd6+ Ka8 31. Rxg6
Bxe3+ 32. Kf1 hxg6 33. c5 Bh6 34. Ke2 Bf8 35. Qxg6 Be7 36. Qe6 Bf8 37. Qf6
Ka7 38. a4 Ka8 39. h4 Bd5 40. h5 Bc4+ 41. Ke3 Rb8 42. g4 Ka7 43. g5 Bd5 44.
h6 Rxb4 45. Qxf8 Rb3+ 46. Ke2 Bc4+ 47. Ke1 e3 48. Qe7+ Ka6 49. Qd6+ Kb7 50.
c6+ 1-0

[Event "Corus C"]
[Site "Wijk aan Zee NED"]
[Date "2005.01.29"]
[Round "12"]
[White "Pliester,L"]
[Black "Korotylev,A"]
[Result "1/2-1/2"]
[WhiteElo "2383"]
[BlackElo "2603"]
[EventDate "2005.01.15"]

1. d4 Nf6 2. c4 e6 3. Nc3 Bb4 4. e3 b6 5. Nge2 Ne4 6. Qc2 Bb7 7. a3 Bxc3+
8. Nxc3 Nxc3 9. Qxc3 O-O 10. b3 Qh4 11. Bb2 f6 12. Rd1 Be4 13. Rd2 Nc6 14.
Kd1 Ne7 15. f3 Bg6 16. g3 Qh6 17. Bg2 d5 18. f4 Rac8 19. c5 bxc5 20. dxc5
Rb8 21. b4 Bf5 22. Kc1 Qg6 23. Rg1 Kh8 24. Bf1 Qf7 25. g4 Be4 26. h4 h5 27.
g5 Nf5 28. Be2 c6 29. Rdd1 Rb7 30. gxf6 gxf6 31. Rg5 Ng7 32. Rg3 Nf5 33.
Rg5 Ng7 34. Rg3 Nf5 1/2-1/2

[Event "Corus C"]
[Site "Wijk aan Zee NED"]
[Date "2005.01.30"]
[Round "13"]
[White "L'Ami,E"]
[Black "Alekseev,Evgeny"]
[Result "1/2-1/2"]
[WhiteElo "2531"]
[BlackElo "2605"]
[EventDate "2005.01.15"]

1. d4 Nf6 2. c4 e6 3. Nc3 Bb4 4. Qc2 O-O 5. a3 Bxc3+ 6. Qxc3 b6 7. Bg5 Bb7
8. f3 d6 9. e4 c5 10. d5 Nbd7 11. Qc2 exd5 12. cxd5 b5 13. Nh3 Qb6 14. Be2
a5 15. O-O b4 16. Nf2 Ba6 17. Bxa6 Qxa6 18. Nd1 h6 19. Bh4 Nh5 20. Ne3 Ne5
21. Rad1 Nf4 22. Rd2 c4 23. Bg3 Nfd3 24. Bxe5 Nxe5 25. f4 Qb6 26. fxe5
Qxe3+ 27. Rdf2 Rae8 28. axb4 axb4 29. Qxc4 Rxe5 30. Qxb4 Qxe4 31. Qxd6
1/2-1/2

[Event "Corus C"]
[Site "Wijk aan Zee NED"]
[Date "2005.01.30"]
[Round "13"]
[White "Bosboom,M"]
[Black "Zhukova,N"]
[Result "0-1"]
[WhiteElo "2426"]
[BlackElo "2465"]
[EventDate "2005.01.15"]

1. e4 e6 2. d4 d5 3. Nc3 Nf6 4. Bg5 Bb4 5. Nge2 dxe4 6. a3 Be7 7. Bxf6 gxf6
8. Nxe4 b6 9. Nf4 f5 10. Nc3 c6 11. Nh5 Rg8 12. g3 Bb7 13. Bg2 Nd7 14. O-O
Nf6 15. a4 Rg4 16. Nxf6+ Bxf6 17. a5 bxa5 18. Ne2 Rb8 19. c3 Kf8 20. h3 Rg5
21. Re1 Ba6 22. Nf4 Qc8 23. Qa4 Bd8 24. Bxc6 Rxb2 25. d5 Rb6 26. Rad1 Bf6
27. Bd7 Qc5 28. dxe6 Rxg3+ 29. Ng2 Bb7 0-1

[Event "Corus C"]
[Site "Wijk aan Zee NED"]
[Date "2005.01.30"]
[Round "13"]
[White "Korotylev,A"]
[Black "Spoelman,W"]
[Result "1-0"]
[WhiteElo "2603"]
[BlackElo "2381"]
[EventDate "2005.01.15"]

1. d4 Nf6 2. c4 e6 3. Nf3 b6 4. Nc3 Bb7 5. a3 d5 6. cxd5 Nxd5 7. e3 Be7 8.
Bb5+ c6 9. Bd3 O-O 10. Qc2 h6 11. e4 Nxc3 12. bxc3 c5 13. O-O Qc8 14. Qe2
Ba6 15. Rd1 Bxd3 16. Rxd3 Nd7 17. Bf4 cxd4 18. cxd4 Nf6 19. Ne5 Qb7 20. Re1
Rac8 21. Rg3 Kh8 22. Rh3 Bd8 23. Bxh6 gxh6 24. Qe3 Ng8 25. Ng4 Kg7 26. Nxh6
Kf6 27. Rg3 Ke7 28. Nxg8+ Kd7 29. Qh6 Be7 30. Nxe7 Kxe7 31. d5 exd5 32.
exd5+ Kd7 33. Rge3 Rce8 34. Rxe8 Rxe8 35. Qc6+ 1-0

[Event "Corus C"]
[Site "Wijk aan Zee NED"]
[Date "2005.01.30"]
[Round "13"]
[White "Muhren,B"]
[Black "Jonkman,H"]
[Result "0-1"]
[WhiteElo "2295"]
[BlackElo "2399"]
[EventDate "2005.01.15"]

1. e4 e5 2. Nf3 Nc6 3. d4 exd4 4. Nxd4 Qf6 5. Be3 Bc5 6. c3 Qg6 7. Qe2 Nxd4
8. cxd4 Bb4+ 9. Bd2 a5 10. g3 d5 11. exd5+ Kf8 12. h3 Bf5 13. Nc3 Re8 14.
Be3 Nf6 15. Bg2 Bd3 16. Qd2 Be4 17. O-O Bxg2 18. Kxg2 Nxd5 19. Rac1 h5 20.
h4 Bxc3 21. bxc3 Qe4+ 22. Kh2 Nxe3 23. fxe3 Qxe3 24. Qg2 Qe4 25. Rf3 g6 26.
Rcf1 f5 27. Kg1 Rh7 28. Qb2 Rhe7 29. Qc1 Qg4 30. Qa3 b6 31. d5 Kg7 32. d6
cxd6 33. Qxd6 Re6 34. Qf4 R8e7 35. Kg2 Re4 36. Qd6 R4e6 37. Qf4 Re2+ 38.
R1f2 Rxf2+ 39. Kxf2 Qxf4 40. Rxf4 Rc7 41. Rf3 Rc4 42. Rd3 f4 43. Rd7+ Kh6
44. Rd3 b5 45. Rd5 fxg3+ 46. Kxg3 Rxc3+ 47. Kg2 Rc2+ 48. Kg3 Rb2 49. a4
Rb3+ 50. Kf4 bxa4 51. Rxa5 Rh3 0-1